[Event "Chigorin Memorial"]
[Site "St Petersburg"]
[Date "2016.10.22"]
[Round "8.1"]
[White "Eliseev, Urii"]
[Black "Alekseenko, Kirill"]
[Result "1/2-1/2"]
[WhiteElo "2606"]
[BlackElo "2554"]
[PlyCount "129"]
[EventDate "2016.10.15"]
[EventType "swiss"]
[EventRounds "9"]
[EventCountry "RUS"]
[WhiteClock "0:05:05"]
[BlackClock "0:12:50"]

1. e4 c5 2. Nf3 Nc6 3. d4 cxd4 4. Nxd4 e5 5. Nb5 d6 6. c4 Be7 7. N1c3 a6 8. Na3
f5 9. exf5 Bxf5 10. Be3 Nf6 11. Be2 O-O 12. O-O Qe8 13. Bd3 e4 14. Be2 Ne5 15.
Nc2 Qg6 16. Bf4 Nd3 17. Bxd3 exd3 18. Ne3 Be6 19. Bg3 Rfc8 20. a4 Bf8 21. Qb3
Ne4 22. Nxe4 Qxe4 23. Rfd1 b5 24. axb5 axb5 25. Rxa8 Qxa8 26. Qxb5 Rb8 27. Qh5
Rxb2 28. Rxd3 Rb1+ 29. Rd1 Qe4 30. Rxb1 Qxb1+ 31. Qd1 Qxd1+ 32. Nxd1 Bxc4 33.
f3 g6 34. Be1 d5 35. Bf2 Bg7 36. Bb6 d4 37. Nf2 Kf7 38. Ne4 Ke6 39. Kf2 Kd5 40.
Bd8 h6 41. Nf6+ Ke6 42. Ne4 Bb5 43. Ke1 Bf8 44. Ba5 Kd5 45. Nf2 Kc4 46. Kd2 Bd6
47. g3 Bc6 48. f4 Bd7 49. Kd1 Bf5 50. Bd2 h5 51. h3 Bc7 52. g4 Bd7 53. Ke2 h4
54. Nd3 Bb5 55. Ne5+ Kb3+ 56. Kd1 Bf1 57. Nxg6 Bxh3 58. Nxh4 Bxg4+ 59. Ke1 Kc2
60. Ng6 Bd8 61. Bb4 Bh5 62. Ne5 Bh4+ 63. Kf1 Bg3 64. Be1 Bxf4 65. Nc6 1/2-1/2

[Event "Chigorin Memorial"]
[Site "St Petersburg"]
[Date "2016.10.22"]
[Round "8.2"]
[White "Paravyan, David"]
[Black "Sjugirov, Sanan"]
[Result "1/2-1/2"]
[WhiteElo "2528"]
[BlackElo "2660"]
[PlyCount "85"]
[EventDate "2016.10.15"]
[EventType "swiss"]
[EventRounds "9"]
[EventCountry "RUS"]
[WhiteClock "0:20:14"]
[BlackClock "0:18:19"]

1. d4 Nf6 2. Bg5 c5 3. d5 Ne4 4. Bf4 Qb6 5. Bc1 e6 6. f3 Qa5+ 7. c3 Nf6 8. e4
d6 9. Bd2 Qd8 10. c4 g6 11. Nc3 Bg7 12. Nge2 exd5 13. cxd5 O-O 14. Ng3 h5 15.
Be2 Nh7 16. Be3 h4 17. Nf1 Nd7 18. Nd2 f5 19. exf5 gxf5 20. Nc4 f4 21. Bf2 Ne5
22. Nxe5 Bxe5 23. Qd2 Bf5 24. O-O Kh8 25. Bd3 Qg5 26. Bxf5 Rxf5 27. Ne4 Qh5 28.
h3 Rg8 29. Kh2 Ng5 30. Rae1 Nxe4 31. Rxe4 Bf6 32. Kh1 Qg5 33. Rg1 Be5 34. b4 b6
35. bxc5 bxc5 36. Ra4 Rf7 37. Qe1 Rh7 38. Re4 Rh5 39. Qe2 Qf6 40. Re1 Rc8 41.
Qa6 Rg8 42. Qe2 Rc8 43. Qa6 1/2-1/2

[Event "Chigorin Memorial"]
[Site "St Petersburg"]
[Date "2016.10.22"]
[Round "8.4"]
[White "Aleksandrov, Aleksej"]
[Black "Alekseev, Evgeny"]
[Result "1/2-1/2"]
[WhiteElo "2568"]
[BlackElo "2636"]
[PlyCount "62"]
[EventDate "2016.10.15"]
[EventType "swiss"]
[EventRounds "9"]
[EventCountry "RUS"]
[WhiteClock "1:11:50"]
[BlackClock "0:33:55"]

1. d4 Nf6 2. c4 e6 3. Nc3 Bb4 4. e3 O-O 5. Bd3 d5 6. Nf3 c5 7. O-O cxd4 8. exd4
dxc4 9. Bxc4 b6 10. Bg5 Bb7 11. Ne5 h6 12. Bh4 Nbd7 13. Qb3 Bxc3 14. bxc3 Nxe5
15. dxe5 g5 16. Rad1 Qc7 17. Bxg5 Qxe5 18. Bxf6 Qxf6 19. Rfe1 Rfd8 20. Qa3 a5
21. Bf1 Rxd1 22. Rxd1 Rd8 23. Rxd8+ Qxd8 24. c4 Kh7 25. c5 bxc5 26. Qxc5 Be4
27. Qe3 Bg6 28. a3 Kg7 29. Qc3+ Kh7 30. Qe3 Kg7 31. Qc3+ Kh7 1/2-1/2

[Event "Chigorin Memorial"]
[Site "St Petersburg"]
[Date "2016.10.22"]
[Round "8.5"]
[White "Fedorov, Alexei"]
[Black "Romanov, Evgeny"]
[Result "0-1"]
[WhiteElo "2567"]
[BlackElo "2619"]
[PlyCount "64"]
[EventDate "2016.10.15"]
[EventType "swiss"]
[EventRounds "9"]
[EventCountry "RUS"]
[WhiteClock "0:01:05"]
[BlackClock "0:00:58"]

1. e4 e5 2. Nf3 Nc6 3. Bc4 Bc5 4. O-O Nf6 5. d3 a6 6. c3 Ba7 7. Bb3 d6 8. Be3
Bxe3 9. fxe3 O-O 10. Nbd2 Be6 11. Bc2 d5 12. d4 Nxe4 13. Nxe4 dxe4 14. Bxe4 Bd5
15. Bc2 exd4 16. exd4 g6 17. Qd2 Qd7 18. Ng5 Rae8 19. Rf2 Qe7 20. Qf4 f6 21.
Nf3 Nd8 22. Nd2 Ne6 23. Qg3 b5 24. Bb3 Qd7 25. Raf1 c5 26. Rxf6 Rxf6 27. Rxf6
cxd4 28. c4 bxc4 29. Nxc4 Qe7 30. Qe5 Qc5 31. Nd6 d3+ 32. Rf2 Rf8 0-1

[Event "Chigorin Memorial"]
[Site "St Petersburg"]
[Date "2016.10.22"]
[Round "8.6"]
[White "Khalifman, Alexander"]
[Black "Xu, Yinglun"]
[Result "1/2-1/2"]
[WhiteElo "2617"]
[BlackElo "2526"]
[PlyCount "75"]
[EventDate "2016.10.15"]
[EventType "swiss"]
[EventRounds "9"]
[EventCountry "RUS"]
[WhiteClock "0:19:33"]
[BlackClock "0:06:37"]

1. c4 e6 2. Nc3 d5 3. d4 Be7 4. Nf3 Nf6 5. Bf4 O-O 6. e3 b6 7. Bd3 dxc4 8. Bxc4
Bb7 9. O-O a6 10. Qe2 b5 11. Bd3 Nbd7 12. Rfd1 Ra7 13. Ne5 Qa8 14. Nxd7 Nxd7
15. e4 Nf6 16. f3 c5 17. Be3 c4 18. Bc2 Bc8 19. d5 Rd7 20. dxe6 Rxd1+ 21. Rxd1
Bxe6 22. e5 Nd5 23. Be4 Nxc3 24. bxc3 Qc8 25. Qc2 g6 26. h3 Rd8 27. Rd4 b4 28.
cxb4 Rxd4 29. Bxd4 Bxb4 30. Bc3 Qc5+ 31. Kf1 a5 32. Qd2 Bxc3 33. Qxc3 Qb4 34.
Qd4 c3 35. Qd8+ Kg7 36. Qf6+ Kg8 37. Qd8+ Kg7 38. Qf6+ 1/2-1/2

[Event "Chigorin Memorial"]
[Site "St Petersburg"]
[Date "2016.10.22"]
[Round "8.7"]
[White "Lu, Shanglei"]
[Black "Moiseenko, Vadim"]
[Result "1-0"]
[WhiteElo "2615"]
[BlackElo "2528"]
[PlyCount "103"]
[EventDate "2016.10.15"]
[EventType "swiss"]
[EventRounds "9"]
[EventCountry "RUS"]
[WhiteClock "0:10:16"]
[BlackClock "0:20:13"]

1. e4 c5 2. Nf3 Nc6 3. Bb5 g6 4. Bxc6 dxc6 5. d3 Bg7 6. h3 Nh6 7. Nc3 f6 8. Be3
b6 9. a3 Nf7 10. b4 f5 11. Bd2 Qd6 12. O-O O-O 13. Re1 e5 14. Na4 cxb4 15. axb4
Be6 16. Ra3 a5 17. Nxb6 Rab8 18. Nc4 Bxc4 19. dxc4 axb4 20. Ra5 Qd8 21. Ra7 c5
22. Be3 Qb6 23. Qa1 f4 24. Bc1 Qc6 25. Ra6 Rb6 26. Rxb6 Qxb6 27. Rd1 Rd8 28.
Rxd8+ Qxd8 29. Bb2 Qe8 30. Qa7 Bf8 31. Qa6 Bd6 32. Ne1 g5 33. Nd3 h5 34. f3 Qe6
35. Kf1 Qe7 36. Qc8+ Kg7 37. h4 Kh6 38. hxg5+ Qxg5 39. Nxc5 Qh4 40. Nd3 Qh1+
41. Kf2 Qd1 42. Qe6+ Kg7 43. Qd5 Qxc2+ 44. Kg1 b3 45. Kh2 Qd2 46. c5 Bc7 47. c6
Kf6 48. Qd7 Bd6 49. Nxe5 Nxe5 50. Bxe5+ Kxe5 51. c7 Qe1 52. Qg7+ 1-0

[Event "Chigorin Memorial"]
[Site "St Petersburg"]
[Date "2016.10.22"]
[Round "8.8"]
[White "Abdusattorov, Nodirbek"]
[Black "Fier, Alexandr"]
[Result "1-0"]
[WhiteElo "2395"]
[BlackElo "2614"]
[PlyCount "83"]
[EventDate "2016.10.15"]
[EventType "swiss"]
[EventRounds "9"]
[EventCountry "RUS"]
[WhiteClock "0:34:05"]
[BlackClock "1:29:15"]

1. e4 Nf6 2. e5 Nd5 3. d4 d6 4. c4 Nb6 5. exd6 exd6 6. Nc3 Be7 7. Bd3 O-O 8.
Nge2 Bf6 9. O-O Nc6 10. b3 Bg4 11. Be3 Bh5 12. h3 d5 13. c5 Nc8 14. Qd2 Bg6 15.
Nf4 N8e7 16. Rfd1 Qd7 17. Be2 Nd8 18. Bg4 Ne6 19. Re1 c6 20. Nce2 Nf5 21. Nxe6
fxe6 22. Bxf5 Bxf5 23. Bg5 e5 24. Bxf6 gxf6 25. Ng3 Rae8 26. Re3 exd4 27. Qxd4
Rxe3 28. fxe3 Qe6 29. Rf1 Bg6 30. h4 Qe5 31. Rf3 Qxd4 32. exd4 Kf7 33. b4 Bb1
34. Rb3 Bc2 35. Rc3 Be4 36. Ne2 Ke6 37. Rg3 b6 38. Rg7 bxc5 39. dxc5 d4 40.
Nxd4+ Kd5 41. Rd7+ Kc4 42. Ne6 1-0

[Event "Chigorin Memorial"]
[Site "St Petersburg"]
[Date "2016.10.22"]
[Round "8.9"]
[White "Volkov, Sergey"]
[Black "Soffer, Ram"]
[Result "1-0"]
[WhiteElo "2609"]
[BlackElo "2475"]
[PlyCount "158"]
[EventDate "2016.10.15"]
[EventType "swiss"]
[EventRounds "9"]
[EventCountry "RUS"]
[WhiteClock "0:14:58"]

1. d4 Nf6 2. c4 e6 3. Nc3 Bb4 4. f3 d5 5. a3 Bxc3+ 6. bxc3 c5 7. cxd5 Nxd5 8.
dxc5 f5 9. Nh3 Qa5 10. Nf4 Nc6 11. Nxd5 exd5 12. Qd3 Qxc5 13. Bf4 O-O 14. e3
Be6 15. Be2 Rad8 16. Kf2 Qe7 17. h4 Rd7 18. a4 Na5 19. Qb5 Nc4 20. Rad1 a6 21.
Qb1 Rc8 22. Rd4 Na5 23. Qb6 Nc6 24. Rd2 Qd8 25. Rb2 Qf6 26. Rb3 d4 27. cxd4
Bxb3 28. Qxb3+ Kh8 29. h5 Re8 30. Qc3 Nxd4 31. exd4 Qxd4+ 32. Qxd4 Rxd4 33. Bc7
Rd2 34. Re1 b5 35. axb5 axb5 36. f4 Re4 37. Be5 Kg8 38. Kf1 g5 39. Bf3 Rxe1+
40. Kxe1 Rd8 41. Bc6 gxf4 42. Bxb5 Kf7 43. Bc4+ Ke7 44. Kf2 Rc8 45. Bb3 Ra8 46.
h6 Ra5 47. Bg7 Ra8 48. Bc4 Rb8 49. Kf3 Ra8 50. Bd5 Rd8 51. Bc6 Rc8 52. Bb5 Ke6
53. Kxf4 Rc2 54. Kf3 Rc8 55. Bd3 Ra8 56. Bc4+ Ke7 57. Kf2 Rc8 58. Bd3 Ke6 59.
Ke3 Ra8 60. Bc4+ Ke7 61. Bd5 Rd8 62. Kd4 Kd6 63. Be5+ Ke7 64. Bg3 Rc8 65. Ke5
Rc5 66. Bh4+ Kf8 67. Ke6 Ke8 68. Bg5 Rc2 69. Kxf5 Kf8 70. Bf6 Rf2+ 71. Ke5 Re2+
72. Kd6 Rf2 73. Bg7+ Ke8 74. g4 Rd2 75. g5 Rxd5+ 76. Kxd5 Kf7 77. Ke5 Kg8 78.
Kf5 Kf7 79. Bc3 Ke7 1-0

[Event "Chigorin Memorial"]
[Site "St Petersburg"]
[Date "2016.10.22"]
[Round "8.10"]
[White "Timofeev, Artyom"]
[Black "Khanin, Semen"]
[Result "1/2-1/2"]
[WhiteElo "2601"]
[BlackElo "2397"]
[PlyCount "79"]
[EventDate "2016.10.15"]
[EventType "swiss"]
[EventRounds "9"]
[EventCountry "RUS"]
[WhiteClock "1:26:01"]
[BlackClock "0:10:12"]

1. e4 c5 2. Nf3 e6 3. g3 Nc6 4. Bg2 Nf6 5. Qe2 e5 6. O-O Be7 7. c3 O-O 8. Na3
Re8 9. Nc4 Bf8 10. d3 d5 11. exd5 Nxd5 12. Ng5 h6 13. Qf3 hxg5 14. Qxd5 Bg4 15.
Qxd8 Raxd8 16. Bxg5 Rxd3 17. Be4 Rd7 18. f3 Be6 19. b3 f6 20. Be3 Red8 21. Kf2
Kf7 22. Ke2 Ne7 23. Rfd1 Nd5 24. Bd2 g6 25. Ne3 Ne7 26. Be1 b6 27. Rxd7 Rxd7
28. Rd1 f5 29. Rxd7 Bxd7 30. Bb7 Bc6 31. Ba6 Bh6 32. a4 Nd5 33. Nxd5 Bxd5 34.
c4 Bc6 35. Bb5 Bb7 36. a5 e4 37. fxe4 Bxe4 38. axb6 axb6 39. b4 Bf8 40. bxc5
1/2-1/2

[Event "Chigorin Memorial"]
[Site "St Petersburg"]
[Date "2016.10.22"]
[Round "8.11"]
[White "Ladva, Ottomar"]
[Black "Ponkratov, Pavel"]
[Result "0-1"]
[WhiteElo "2513"]
[BlackElo "2589"]
[PlyCount "70"]
[EventDate "2016.10.15"]
[EventType "swiss"]
[EventRounds "9"]
[EventCountry "RUS"]
[WhiteClock "0:02:36"]
[BlackClock "0:27:29"]

1. Nf3 c5 2. c4 Nf6 3. Nc3 Nc6 4. d4 cxd4 5. Nxd4 e6 6. Bg5 Be7 7. e3 Qa5 8.
Bh4 Ne4 9. Bxe7 Nxc3 10. Qd2 Nxe7 11. Nb5 O-O 12. Nxc3 Rd8 13. Be2 b6 14. Bf3
d5 15. cxd5 Ba6 16. O-O-O Rac8 17. Kb1 Bc4 18. d6 Nf5 19. d7 Rc7 20. e4 b5 21.
a3 Ne7 22. Qd6 Ng6 23. Bh5 Rcxd7 24. Qxd7 Rxd7 25. Rxd7 b4 26. Bxg6 bxc3 27. b4
c2+ 28. Kb2 Qe5+ 29. Kxc2 hxg6 30. Re1 Qf4 31. Rd2 g5 32. Re3 g4 33. h3 g3 34.
Rxg3 Qxe4+ 35. Kc3 Bd5 0-1

[Event "Chigorin Memorial"]
[Site "St Petersburg"]
[Date "2016.10.22"]
[Round "8.12"]
[White "Sengupta, Deep"]
[Black "Matsenko, Andrei"]
[Result "1-0"]
[WhiteElo "2570"]
[BlackElo "2317"]
[PlyCount "41"]
[EventDate "2016.10.15"]
[EventType "swiss"]
[EventRounds "9"]
[EventCountry "RUS"]
[WhiteClock "0:46:07"]
[BlackClock "0:49:49"]

1. e4 c6 2. d4 d5 3. e5 Bf5 4. Nf3 e6 5. Be2 c5 6. Be3 cxd4 7. Nxd4 Ne7 8. O-O
Nbc6 9. Bb5 a6 10. Bxc6+ bxc6 11. c4 Qd7 12. Na3 c5 13. Nb3 Nc6 14. Bxc5 Nxe5
15. cxd5 Nd3 16. Bxf8 Rxf8 17. Nc4 Rd8 18. Nd4 Qxd5 19. Qa4+ Ke7 20. Nc6+ Kf6
21. Ne3 1-0

[Event "Chigorin Memorial"]
[Site "St Petersburg"]
[Date "2016.10.22"]
[Round "8.13"]
[White "Artemiev, Vladislav"]
[Black "Smirnov, Artem"]
[Result "1-0"]
[WhiteElo "2663"]
[BlackElo "2409"]
[PlyCount "103"]
[EventDate "2016.10.15"]
[EventType "swiss"]
[EventRounds "9"]
[EventCountry "RUS"]

1. d4 Nf6 2. Nf3 e6 3. Bf4 c5 4. e3 Nc6 5. Nbd2 d5 6. c3 Bd6 7. Bg3 O-O 8. Bd3
b6 9. Qe2 Bb7 10. Rd1 Re8 11. e4 Be7 12. e5 Nh5 13. a3 g6 14. O-O f5 15. exf6
Bxf6 16. Bb5 a6 17. Bxc6 Bxc6 18. Rfe1 Nxg3 19. hxg3 Bb5 20. Qe3 Qc7 21. Nh2
Bg7 22. Ndf3 Re7 23. Ng4 Rf8 24. Rd2 a5 25. Qg5 Ree8 26. Qh4 h5 27. Nge5 Bh6
28. Rdd1 Qg7 29. g4 g5 30. Qxh5 Rc8 31. Re3 Be8 32. Qh2 Qf6 33. Nd3 c4 34. Nc1
Bg7 35. Rde1 Rc6 36. Qg3 b5 37. Ne2 b4 38. axb4 axb4 39. cxb4 Rb6 40. Nc3 Bf7
41. b5 Qh6 42. Ra1 Bf6 43. Ra7 Qh8 44. Qc7 Bd8 45. Qd7 e5 46. Nxe5 Be6 47. Rh3
Bxd7 48. Rxh8+ Kxh8 49. Rxd7 Kg8 50. Rxd5 Re8 51. g3 Bf6 52. Nd7 1-0

[Event "Chigorin Memorial"]
[Site "St Petersburg"]
[Date "2016.10.22"]
[Round "8.14"]
[White "Sarana, Alexey"]
[Black "Khismatullin, Denis"]
[Result "1-0"]
[WhiteElo "2427"]
[BlackElo "2617"]
[PlyCount "75"]
[EventDate "2016.10.15"]
[EventType "swiss"]
[EventRounds "9"]
[EventCountry "RUS"]

1. d4 g6 2. c4 Bg7 3. Nc3 c5 4. d5 d6 5. e4 e6 6. Nf3 Ne7 7. Bd3 h6 8. O-O Bxc3
9. bxc3 e5 10. Ne1 g5 11. Qa4+ Nd7 12. g3 Ng6 13. Ng2 Rg8 14. Bd2 Kf8 15. f3
Nf6 16. Kf2 Bh3 17. Rfb1 b6 18. Ne3 Kg7 19. Rg1 Kh8 20. Be2 g4 21. Qc2 gxf3 22.
Bxf3 Qd7 23. Ke2 Raf8 24. Rae1 Ne7 25. Kd1 Nh7 26. g4 Nf6 27. Qd3 Rg6 28. Kc1
Rfg8 29. Nf5 Kh7 30. Nxh6 Rxh6 31. Bxh6 Nxg4 32. Bd2 Rg6 33. Be2 Nf6 34. Bg5
Neg8 35. Kb2 Kg7 36. Bxf6+ Nxf6 37. Rxg6+ fxg6 38. Rg1 1-0

[Event "Chigorin Memorial"]
[Site "St Petersburg"]
[Date "2016.10.22"]
[Round "8.15"]
[White "Jumabayev, Rinat"]
[Black "Drygalov, Sergey"]
[Result "1-0"]
[WhiteElo "2609"]
[BlackElo "2409"]
[PlyCount "71"]
[EventDate "2016.10.15"]
[EventType "swiss"]
[EventRounds "9"]
[EventCountry "RUS"]

1. d4 d5 2. Nf3 Nf6 3. Bf4 e6 4. e3 c5 5. c3 Nc6 6. Nbd2 Bd6 7. Bg3 O-O 8. Bd3
Qe7 9. Ne5 Qc7 10. f4 cxd4 11. exd4 Ne7 12. Bf2 b5 13. Rc1 Qb7 14. Qe2 b4 15.
O-O Ng6 16. Qf3 bxc3 17. bxc3 Qb2 18. Rc2 Qa3 19. Ndc4 Qa6 20. Ne3 Qa4 21. Bg3
Ba6 22. Bxa6 Qxa6 23. f5 exf5 24. Nxf5 Ne4 25. Nd7 Rfd8 26. Nxd6 Rxd7 27. Nxe4
dxe4 28. Qxe4 Rad8 29. h4 Qb5 30. c4 Qa4 31. Qf5 Rxd4 32. Qxf7+ Kh8 33. Be5 Rg8
34. Bxd4 Qxc2 35. h5 Qd2 36. Qd5 1-0

[Event "Chigorin Memorial"]
[Site "St Petersburg"]
[Date "2016.10.22"]
[Round "8.16"]
[White "Palachev, Petr"]
[Black "Kovalev, Vladislav"]
[Result "1/2-1/2"]
[WhiteElo "2408"]
[BlackElo "2609"]
[PlyCount "69"]
[EventDate "2016.10.15"]
[EventType "swiss"]
[EventRounds "9"]
[EventCountry "RUS"]

1. d4 Nf6 2. c4 c5 3. d5 g6 4. Nc3 Bg7 5. e4 O-O 6. Bd3 e6 7. h3 exd5 8. exd5
Re8+ 9. Kf1 d6 10. Nf3 a6 11. a4 Nbd7 12. Bd2 Ne5 13. Nxe5 dxe5 14. Qc2 Bd7 15.
Re1 b5 16. axb5 axb5 17. cxb5 e4 18. Bc4 Bf5 19. g4 e3 20. gxf5 exd2 21. Qxd2
Rxe1+ 22. Qxe1 Ne8 23. fxg6 hxg6 24. Ne4 Bxb2 25. Qe2 Bd4 26. Kg2 f5 27. d6+
Kg7 28. d7 Nd6 29. Nxd6 Qg5+ 30. Kh2 Qf4+ 31. Kg2 Qg5+ 32. Kh2 Qf4+ 33. Kg2
Qg5+ 34. Kh2 Qf4+ 35. Kg2 1/2-1/2

[Event "Chigorin Memorial"]
[Site "St Petersburg"]
[Date "2016.10.22"]
[Round "8.17"]
[White "Rozum, Ivan"]
[Black "Pasiev, Rakhim"]
[Result "1-0"]
[WhiteElo "2590"]
[BlackElo "2406"]
[PlyCount "107"]
[EventDate "2016.10.15"]
[EventType "swiss"]
[EventRounds "9"]
[EventCountry "RUS"]

1. d4 f5 2. Nf3 Nf6 3. Bg5 e6 4. Nbd2 Be7 5. Bxf6 Bxf6 6. e4 d5 7. exd5 exd5 8.
Qe2+ Qe7 9. O-O-O Nc6 10. Nb3 O-O 11. Qxe7 Nxe7 12. Nc5 f4 13. Re1 Nf5 14. c3
Nd6 15. Ne5 Re8 16. g3 Bg5 17. Kd1 Rf8 18. Bg2 c6 19. h4 Bh6 20. g4 f3 21. Bh3
Bf4 22. g5 b6 23. Bxc8 Raxc8 24. Ne6 Bxe5 25. Nxf8 Ne4 26. Rxe4 dxe4 27. dxe5
Rxf8 28. Kd2 Re8 29. Ke3 Rxe5 30. Rd1 Re7 31. Rd4 Kf7 32. Rxe4 Rd7 33. Kxf3 Rd2
34. Re2 Rd1 35. h5 h6 36. g6+ Kf6 37. Re8 Rd2 38. Kg4 Rxb2 39. Rf8+ Ke6 40. Rf7
Rxa2 41. f4 Rg2+ 42. Kf3 Rh2 43. f5+ Ke5 44. f6 gxf6 45. g7 Rh3+ 46. Kg4 Rh1
47. Re7+ Kd6 48. Re3 f5+ 49. Kxf5 Rxh5+ 50. Kf4 Rg5 51. Rg3 Ke6 52. g8=Q+ Rxg8
53. Rxg8 Kd5 54. Ke3 1-0

[Event "Chigorin Memorial"]
[Site "St Petersburg"]
[Date "2016.10.22"]
[Round "8.18"]
[White "Pridorozhni, Aleksei"]
[Black "Bartel, Michal"]
[Result "1-0"]
[WhiteElo "2579"]
[BlackElo "2357"]
[PlyCount "81"]
[EventDate "2016.10.15"]
[EventType "swiss"]
[EventRounds "9"]
[EventCountry "RUS"]

1. e4 e5 2. Nf3 Nc6 3. d4 exd4 4. Nxd4 Bc5 5. Nxc6 Qf6 6. Qf3 Qxf3 7. gxf3 bxc6
8. Rg1 Ne7 9. Nd2 Ng6 10. Nc4 O-O 11. Be3 Bxe3 12. fxe3 d6 13. O-O-O Be6 14. f4
Bxc4 15. Bxc4 Rae8 16. e5 Rd8 17. e6 fxe6 18. Bxe6+ Kh8 19. Rd3 a5 20. Rxg6
Rde8 21. e4 Rxf4 22. Bd7 Rexe4 23. Rg2 c5 24. Bc6 Re5 25. Rf3 Rxf3 26. Bxf3 g5
27. Kd2 Kg7 28. h4 h6 29. hxg5 hxg5 30. Rg4 Kf6 31. Ra4 Rf5 32. Ke3 d5 33. Rxa5
d4+ 34. Ke2 Re5+ 35. Kf2 Kf5 36. Ra8 c4 37. Rd8 d3 38. cxd3 Rb5 39. Rd5+ Rxd5
40. Bxd5 cxd3 41. Ke3 1-0

[Event "Chigorin Memorial"]
[Site "St Petersburg"]
[Date "2016.10.22"]
[Round "8.19"]
[White "Bublei, Pavel"]
[Black "Huzman, Alexander"]
[Result "1/2-1/2"]
[WhiteElo "2406"]
[BlackElo "2577"]
[PlyCount "154"]
[EventDate "2016.10.15"]
[EventType "swiss"]
[EventRounds "9"]
[EventCountry "RUS"]

1. d4 Nf6 2. c4 e6 3. Nc3 Bb4 4. Bd2 O-O 5. e3 c5 6. Nf3 cxd4 7. exd4 b6 8. Bd3
Ba6 9. O-O d5 10. b3 Nc6 11. a3 Be7 12. Bf4 Rc8 13. Nb5 dxc4 14. bxc4 Bxb5 15.
cxb5 Na5 16. Ne5 Qd5 17. Qe2 Qxd4 18. Bd2 Nb3 19. Rad1 Qh4 20. g3 Qh3 21. Bb4
Bc5 22. Bxc5 Rxc5 23. f4 Rd5 24. Nc6 Kh8 25. Bc2 Nc5 26. Rfe1 h5 27. Rxd5 Nxd5
28. Qe5 f6 29. Qd6 Rg8 30. Nd8 g5 31. fxg5 Qg4 32. Nxe6 Nxe6 33. Qxe6 Qxe6 34.
Rxe6 Rxg5 35. Re8+ Kg7 36. Ra8 Ne3 37. Rxa7+ Kf8 38. Bd3 h4 39. a4 hxg3 40.
hxg3 Rxg3+ 41. Kf2 Rh3 42. a5 Ng4+ 43. Ke2 Rh2+ 44. Ke1 Ne5 45. Be4 f5 46. Bd5
bxa5 47. b6 Rb2 48. b7 Nd3+ 49. Kf1 Rb1+ 50. Kg2 Nf4+ 51. Kg3 Nxd5 52. Ra8+ Kf7
53. b8=Q Rxb8 54. Rxb8 Kf6 55. Ra8 Kg5 56. Rxa5 Ne7 57. Ra6 Ng6 58. Re6 Nf4 59.
Re8 Ng6 60. Kf3 Kf6 61. Ke3 Kf7 62. Ra8 Kf6 63. Ra1 Ne5 64. Rg1 Ng4+ 65. Kd4
Kg5 66. Kd5 Kf4 67. Ke6 Ke4 68. Ra1 f4 69. Ra4+ Kf3 70. Kf5 Ne3+ 71. Ke5 Ng2
72. Kd4 Kg3 73. Ke4 f3 74. Ra3 Ne1 75. Rb3 Kg2 76. Rb2+ f2 77. Ke3 Nd3 1/2-1/2

[Event "Chigorin Memorial"]
[Site "St Petersburg"]
[Date "2016.10.22"]
[Round "8.20"]
[White "Gordievsky, Dmitry"]
[Black "Schekachikhin, Maksim"]
[Result "1-0"]
[WhiteElo "2555"]
[BlackElo "2347"]
[PlyCount "119"]
[EventDate "2016.10.15"]
[EventType "swiss"]
[EventRounds "9"]
[EventCountry "RUS"]

1. e4 e6 2. d4 d5 3. Bd3 dxe4 4. Bxe4 Nf6 5. Bf3 c5 6. Ne2 Nc6 7. Be3 cxd4 8.
Nxd4 Ne5 9. Nc3 a6 10. Qe2 Nxf3+ 11. gxf3 Nd5 12. Nxd5 Qxd5 13. O-O-O Be7 14.
Rhg1 Bf6 15. Nb3 Qe5 16. c3 Qb5 17. Qxb5+ axb5 18. a3 Bd7 19. Bd4 Bc6 20. Bxf6
gxf6 21. f4 Ke7 22. Rg3 Rad8 23. Rxd8 Rxd8 24. Nd4 Kf8 25. Rh3 Kg7 26. Rh5 f5
27. Rh3 Rd5 28. Kc2 Bd7 29. Re3 Kf6 30. Rh3 Kg6 31. Rd3 f6 32. Rg3+ Kf7 33. Re3
e5 34. Nf3 exf4 35. Rd3 Rxd3 36. Kxd3 Kg6 37. Ng1 Kg5 38. f3 Bc6 39. Ke2 Kh4
40. Kf2 Bd5 41. Ne2 Kg5 42. Nd4 Bc4 43. b3 Bd5 44. Nxb5 Bxb3 45. Nd6 Bd5 46. c4
Bc6 47. Nf7+ Kg6 48. Nd8 Bd7 49. Nxb7 Kf7 50. Nc5 Bc8 51. Ke2 Ke7 52. Kd3 Kd6
53. Kd4 Kc6 54. a4 Kb6 55. h4 Ka5 56. Kc3 h5 57. Kb3 Kb6 58. Kb4 Kc6 59. a5 Kc7
60. Kb5 1-0

[Event "Chigorin Memorial"]
[Site "St Petersburg"]
[Date "2016.10.22"]
[Round "8.21"]
[White "Arslanov, Shamil"]
[Black "Chigaev, Maksim"]
[Result "1-0"]
[WhiteElo "2398"]
[BlackElo "2551"]
[PlyCount "81"]
[EventDate "2016.10.15"]
[EventType "swiss"]
[EventRounds "9"]
[EventCountry "RUS"]

1. d4 d5 2. c4 e6 3. Nf3 Nf6 4. g3 Be7 5. Bg2 O-O 6. O-O dxc4 7. Qc2 b6 8. Ne5
Qxd4 9. Bxa8 Qxe5 10. Bf3 Ba6 11. Bf4 Qc5 12. Nd2 Nc6 13. Be3 Nd4 14. Bxd4 Qxd4
15. Rac1 b5 16. a4 bxa4 17. Qxa4 Qxd2 18. Qxa6 Qxb2 19. Qxa7 Bd6 20. Rxc4 g6
21. Rcc1 Kg7 22. Rb1 Qa3 23. Qxa3 Bxa3 24. Ra1 Bd6 25. Ra8 Rxa8 26. Bxa8 Nd7
27. Rd1 f5 28. Bc6 Ne5 29. Bb5 g5 30. Kg2 h5 31. Be8 h4 32. gxh4 gxh4 33. h3
Kf8 34. Bh5 Kg7 35. Rd4 Kf6 36. e3 Bc5 37. Rxh4 Kg5 38. Kg3 Nd3 39. Be2 Nxf2
40. Rh5+ Kg6 41. Kxf2 1-0

[Event "Chigorin Memorial"]
[Site "St Petersburg"]
[Date "2016.10.22"]
[Round "8.22"]
[White "Timerkhanov, Alexander"]
[Black "Sunilduth Lyna, Narayanan"]
[Result "0-1"]
[WhiteElo "2340"]
[BlackElo "2536"]
[PlyCount "92"]
[EventDate "2016.10.15"]
[EventType "swiss"]
[EventRounds "9"]
[EventCountry "RUS"]

1. d4 d5 2. Nf3 Nf6 3. c4 e6 4. Bg5 dxc4 5. Nc3 a6 6. e4 b5 7. e5 h6 8. Bh4 g5
9. Nxg5 hxg5 10. Bxg5 Nbd7 11. exf6 Bb7 12. a3 Bh6 13. Bxh6 Rxh6 14. Qd2 Qxf6
15. O-O-O O-O-O 16. Qe3 Rh4 17. f3 Nb6 18. Ne4 Bxe4 19. fxe4 Qf4 20. Qxf4 Rxf4
21. e5 Rfxd4 22. Rxd4 Rxd4 23. h4 Rd8 24. h5 Nd7 25. h6 Nxe5 26. h7 Rh8 27. a4
c6 28. Kc2 Nd7 29. Kc3 Nf8 30. b3 Rxh7 31. Rxh7 Nxh7 32. bxc4 bxa4 33. c5 a5
34. Kb2 Nf6 35. Ka3 Ne4 36. Kxa4 Nxc5+ 37. Kxa5 Kc7 38. Be2 Kd6 39. Kb6 Nd7+
40. Kb7 c5 41. Kc8 c4 42. Kd8 c3 43. Bd1 Nf6 44. Bb3 Nd5 45. Ke8 f5 46. Kf7 Ne3
0-1

[Event "Chigorin Memorial"]
[Site "St Petersburg"]
[Date "2016.10.22"]
[Round "8.23"]
[White "Yuffa, Daniil"]
[Black "Yeletsky, Ivan"]
[Result "1-0"]
[WhiteElo "2534"]
[BlackElo "2340"]
[PlyCount "63"]
[EventDate "2016.10.15"]
[EventType "swiss"]
[EventRounds "9"]
[EventCountry "RUS"]

1. Nf3 d5 2. c4 d4 3. b4 f6 4. g3 e5 5. Bg2 e4 6. Ng1 f5 7. a3 Nf6 8. d3 a5 9.
b5 Bc5 10. Nh3 Nbd7 11. O-O O-O 12. Nd2 Ne5 13. Nb3 Ba7 14. a4 c5 15. bxc6 bxc6
16. Bb2 Rb8 17. Rb1 h6 18. c5 exd3 19. exd3 Rb4 20. Re1 Re8 21. Nf4 Ba6 22.
Bxd4 Rxd4 23. Nxd4 Qxd4 24. Qb3+ Nf7 25. Rxe8+ Nxe8 26. Re1 Qd7 27. d4 Kh7 28.
Qe6 Qxe6 29. Rxe6 Nf6 30. Re7 Bb8 31. Rxf7 Kg8 32. Re7 1-0

[Event "Chigorin Memorial"]
[Site "St Petersburg"]
[Date "2016.10.22"]
[Round "8.24"]
[White "Lintchevski, Daniil"]
[Black "Bao, Qilin"]
[Result "1/2-1/2"]
[WhiteElo "2522"]
[BlackElo "2301"]
[PlyCount "80"]
[EventDate "2016.10.15"]
[EventType "swiss"]
[EventRounds "9"]
[EventCountry "RUS"]

1. Nf3 Nf6 2. c4 e6 3. g3 d5 4. Bg2 c5 5. cxd5 exd5 6. d4 Be7 7. O-O O-O 8. Nc3
Nc6 9. Bg5 c4 10. Ne5 Be6 11. b3 h6 12. Nxc6 bxc6 13. Bc1 cxb3 14. axb3 Re8 15.
Ba3 Bf5 16. e3 Qc8 17. Re1 Rb8 18. Bxe7 Rxe7 19. Na4 h5 20. Nc5 h4 21. f3 Bh3
22. g4 Bxg2 23. Kxg2 Qe8 24. Kf2 Rb6 25. Rc1 Qb8 26. Kg2 Nd7 27. Nxd7 Rxd7 28.
Re2 h3+ 29. Kxh3 Rd6 30. Kg2 Rxb3 31. Qe1 Re6 32. Rc3 Rb1 33. Rc1 Rb3 34. Rc3
Rb1 35. Rc1 Rb3 36. Rc3 Rb1 37. Rc1 Rb3 38. Rc3 Rb1 39. Rc1 Rb3 40. Rc3 Rb1
1/2-1/2